| 000 | 01667nam a2200373 a 4500 | ||
|---|---|---|---|
| 001 | ebr10558824 | ||
| 003 | CaPaEBR | ||
| 006 | m u | ||
| 007 | cr cn||||||||| | ||
| 008 | 120221s2012 coua s 001 0 eng d | ||
| 010 | _z 2012005593 | ||
| 020 | _z1583218599 | ||
| 020 | _z9781583218594 | ||
| 020 | _z9781613001400 (e-book) | ||
| 040 |
_aCaPaEBR _cCaPaEBR |
||
| 035 | _a(OCoLC)797823845 | ||
| 043 | _an-us--- | ||
| 050 | 1 | 4 |
_aHF5686.W3 _bF56 2012eb |
| 082 | 0 | 4 |
_a363.6/10681 _223 |
| 245 | 0 | 0 |
_aFinancial management for water utilities _h[electronic resource] : _bprinciples of finance, accounting, and management controls / _cAnn Tu-Anh Bui, editor. |
| 260 |
_aDenver, Colo. : _bAmerican Water Works Association, _cc2012. |
||
| 300 |
_axviii, 302 p. : _bill. |
||
| 500 | _aIncludes index. | ||
| 505 | 0 | _apt. 1. Water utility financial management overview -- pt. 2. Financial accounting overview -- pt. 3. Financial reports -- pt. 4. Accounting cycle implementation and management -- pt. 5. Financial management functions. | |
| 533 |
_aElectronic reproduction. _bPalo Alto, Calif. : _cebrary, _d2011. _nAvailable via World Wide Web. _nAccess may be limited to ebrary affiliated libraries. |
||
| 650 | 0 |
_aWater-supply _zUnited States _xAccounting. |
|
| 650 | 0 |
_aWater utilities _zUnited States _xAccounting. |
|
| 650 | 0 |
_aWater utilities _zUnited States _xFinance. |
|
| 655 | 7 |
_aElectronic books. _2local |
|
| 700 | 1 | _aBui, Ann T. | |
| 710 | 2 | _aAmerican Water Works Association. | |
| 710 | 2 | _aebrary, Inc. | |
| 856 | 4 | 0 |
_uhttp://site.ebrary.com/lib/rucke/Doc?id=10558824 _zAn electronic book accessible through the World Wide Web; click to view |
| 999 |
_c88755 _d88755 |
||